Quizzes
Events
Quiz Creation
Community
Videos
Private Events
Remove Ads
Sign In
Join for FREE
Feedback
Dark Mode
Quiz Categories
Sports
Geography
Music
Movies
Television
Just For Fun
Miscellaneous
History
Literature
Language
Science
Gaming
Entertainment
Religion
Holiday
For Kids
Quiz Lab
Recent
Popular Today
Quiz Kudos Today
Editor Picks
Curator Picks
Quizzes by...
Day
Popularity
Type
Ratings
Length
Year
Community
Subscriptions
Recent Discussions
Orange Saloon
Badges
Playlists
Quests
Create
Leaderboards
Showdown
Live 5
Trivia Bingo
Activity
Puzzle Library
Sporcle Events
Private Events
Virtual Trivia
Globe League
Become a Host
Pub Owners
SporcleCon
Opinionation
Our Games
Videos
Blog
Mobile Apps
Partnerships
Remove Ads and Go Orange
Feedback
Sports
Athletes
MLB
NBA
NHL
NFL
Soccer
Sports Teams
WWE
NCAA
Football
Premier League
Basketball
Baseball
Hockey
Golf
Tennis
Cricket
Rugby
Auto Racing
Olympics
World Cup
Sports
Athletes
MLB
NBA
NHL
NFL
Soccer
Sports Teams
WWE
NCAA
Football
Premier League
Basketball
Baseball
Hockey
Golf
Tennis
Cricket
Rugby
Auto Racing
Olympics
World Cup
Random Quiz
Search Sporcle
×
Quiz Lab
Quiz Lab
Sports
Color
Type in answers that appear in a list
Type in answers that appear in a list
Classic
Best Score? Go Orange.
Colorful College Nicknames Stats
Can you name the Division I colleges/universities whose nicknames contain a color?
By
TheBigE1980
8m
43 Questions
1,053 Plays
1,053 Plays
1,053 Plays
Comments
Comments
Give Quiz Kudos
Give Quiz Kudos
-
- Ratings
hide this ad
More Info
Replay
Link that replays current quiz
Next Quiz
Link to next quiz in quiz playlist
You Got
0%
They Got
Avg Score
38%
Avg Friend Score
Upgrade to see
Score Distribution
Jump to the score distribution portion of the page
Score
0/43
Timer
08:00
0
Plays Today
Conference
School & Nickname
% Correct
Atlantic Coast
Duke Blue Devils
78.5%
Ivy
Harvard Crimson
76.8%
Big East
Syracuse Orange
75.8%
Big XII
Texas Tech Red Raiders
66.7%
Ivy
Cornell Big Red
63.4%
Southeastern
Alabama Crimson Tide
61.5%
Northeast
Central Connecticut State Blue Devils
60.6%
Pacific-
10
Stanford Cardinal
60%
Atlantic Coast
Georgia Tech Yellow Jackets
59.3%
Pacific-
10
California Golden Bears
59.1%
Big East
Marquette Golden Eagles
58.8%
Big Ten
Minnesota Golden Gophers
55%
Ivy
Dartmouth Big Green
53.8%
Conference USA
Tulane Green Wave
52.8%
Conference USA
Southern Mississippi Golden Eagles
52.8%
Big East
Rutgers Scarlet Knights
49.6%
Big East
St. John’s Red Storm
48.7%
Summit League
Oral Roberts Golden Eagles
47.8%
Ohio Valley
Tennessee Tech Golden Eagles
47.3%
Patriot
Army Black Knights
46.2%
Big East
DePaul Blue Demons
41.8%
Sun Belt
North Texas Mean Green
37.3%
Conference
School & Nickname
% Correct
Conference USA
Tulsa Golden Hurricane
35.2%
Mid-
American
Miami (OH) RedHawks
33.9%
Ohio Valley
Southeast Missouri State Redhawks
27%
Independent
Seattle Redhawks
26.2%
Missouri Valley
Creighton Bluejays
25.6%
Mid-
American
Kent State Golden Flashes
25%
Sun Belt
Middle Tennessee State Blue Raiders
22.9%
America East
Maine Black Bears
22.6%
Colonial
Delaware Fightin’ Blue Hens
19.7%
Missouri Valley
Illinois State Redbirds
19.3%
Sun Belt
Florida International Golden Panthers
17.3%
Sun Belt
Arkansas State Red Wolves
17%
MAAC
Niagara Purple Eagles
15.9%
Missouri Valley
Evansville Purple Aces
14.1%
MAAC
Marist Red Foxes
11.8%
Big South
Presbyterian Blue Hose
11.7%
MAAC
Canisius Golden Griffins
10.6%
Summit League
Oakland Golden Grizzlies
9.1%
Northeast
Long Island Blackbirds
8.9%
Northeast
St. Francis (PA) Red Flash
8.9%
Southwestern
Arkansas-Pine Bluff Golden Lions
8.3%
Quiz Playlist
Details
Report
Send in Message
Add To Playlist
More Info:
Note: Only schools who compete in Division I of the NCAA in men's basketball are included.
Classic:
Type in answers that appear in a list
Quiz Source
Last Updated: Feb 16, 2017
Quiz Scoreboard
CHALLENGE
Sign Up to Join the Scoreboard
Show All
Scores
Hide
Comments
May contain spoilers
Recently Published
Click the 1999 NBA Draft
by nibperrychub
Sports
2m
Alphabetical 'K' Countries by Flag Minefield
by ylime102
Geography
3m
Pick 6: Fruits
by JohnFran
Miscellaneous
15s
More to Explore
Quiz From the Vault
Featured Blog Post
15 Basketball Trivia Facts You Can Be March Mad About
hide this ad
You Might Also Like...
Tags
College Quiz
Color Quiz
University Quiz
Conference
Division
nickname
school
Today's Top Quizzes in Sports
Browse Sports
hide this ad
Today's Top Quizzes in Color
Browse Color
Top Contributed Quizzes in Sports
1
Les joueurs à 100 buts en Ligue 1 Uber Eats
2
Pick 6: NFL Teams
3
MLB 2 truths and a lie: Hall of Fame pitchers
4
2022 World Cup Stars
5
Criteria MLB: Left Handed Sluggers
6
Millionaire: NBA Finals Edition
7
Pick 6: Minor League Baseball
8
Click the 1998 NBA Draft
9
Don't Strike Out: 3000 Strikeouts
10
Pick 6: Olympics
Explore More
Trending Topics
Anime
NBA
Harry Potter
Kpop
Marvel
Crossword
Disney
NFL
Song
Soccer
The Office
WWE
Pokémon
Country
Puzzle
hide this ad
More By:
TheBigE1980
Quiz
Plays
Rating
Category
Featured
Created
Largest US Cities by Land Area
160,703
4.38
Geography
Sep 23, 2009
Czech Yourself
53,283
4.45
Language
Feb 19, 2010
Arizona Cities
52,592
4.44
Geography
Sep 22, 2009
Colorado Cities
30,135
4.45
Geography
Sep 25, 2009
Men's College Basketball by Letter
1,860
4.30
Sports
Mar 17, 2010
Go to Creator's Profile
Score Distribution
Quiz Creator Spotlight
TheBigE1980
Follow
Send a Message
Quizzes Created
-
Created Quiz Play Count
-
More By This Creator
Popular Quizzes Today
1
Countries of Asia Without Outlines Minefield
2
Find the US States - No Outlines Minefield
3
Pick 6: Fruits
4
Alphabetical 'K' Countries by Flag Minefield
5
The Countries of the World
6
Find the US States
7
US States
8
Match the Book to the Film X
More Sports Quizzes
Premier League Bunker: Manchester United
Quiz Lab
Trending Quizzes
Pick 6: Harry Potter
Pick 6: Mountains
Pick 6: NFL Teams
Pick 6: Flags
Pick 6: Movie Franchises
Recently Updated
NWSL Teams
pecheneg
Women's Final Four Teams by Year
bhenderson79
Presidents Quartet II
eogle
Anything But Clue(do)
eogle
Anything But Oceanian Capitals
eogle
Anything But 7
eogle
Anything But Thing
eogle
Word Ladder: February 29
pecheneg
Song Title Questions
pecheneg
Women's NCAA Tournament #1 Seeds
pecheneg
Trending Topics
Kpop
NBA
Crossword
Anime
Harry Potter
Marvel
Disney
The Office
Soccer
Country
NFL
Song
Puzzle
WWE
Pokémon
Your Account Isn't Verified!
In order to create a playlist on Sporcle, you need to verify the email address you used during registration. Go to your
Sporcle Settings
to finish the process.
Report this User
Report this user for behavior that violates our
Community Guidelines
.
Details:
Send Report
Go to the Sporcle.com Mobile Site →
Comments